| 000 | 00656nam a22002297a 4500 | ||
|---|---|---|---|
| 005 | 20220714163422.0 | ||
| 008 | 220714b ||||| |||| 00| 0 eng d | ||
| 040 | _cAL | ||
| 041 | _aEnglish | ||
| 082 |
_223 _a915.403 _bMORJ |
||
| 100 |
_aFrank Moraes and others _949632 |
||
| 245 | _aJohn Kenneth Galbraith Introduces India | ||
| 260 |
_aCalcutta _bRupa and Co _c1974 |
||
| 300 |
_a273 p. _bPB _c21x14 cm. |
||
| 365 |
_c₹ _d₹95.00 |
||
| 650 |
_aHistorical Background _949633 |
||
| 650 |
_aIndian Architecture _949634 |
||
| 650 |
_aBirds in India _949635 |
||
| 700 |
_aMORAES (Frank) _949636 |
||
| 700 |
_aHOWE (Edward) _949637 |
||
| 942 |
_2ddc _cGF |
||
| 999 |
_c223794 _d223794 |
||